| 000 | 00535nam a2200181 i 4500 | ||
|---|---|---|---|
| 001 | 33271 | ||
| 003 | ES-MaACL | ||
| 005 | 20240420063017.0 | ||
| 007 | t| | ||
| 008 | 030201s1979 sp ||||1| spa d | ||
| 100 | 1 |
_aBergamín, José, _d1895-1983 _927925 |
|
| 245 | 1 | 0 |
_aCalderón y cierra España y otros ensayos disparatados / _cJosé Bergamín. |
| 250 | _a[1ª ed.]. | ||
| 260 |
_a[Barcelona] : _bPlaneta, _c[1979] |
||
| 300 |
_a215 p. ; _c20 cm. |
||
| 852 |
_aES-MaACL _jA-10215 _bR.99090 |
||
| 999 |
_c33271 _d33271 |
||